000 00753nam a2200241 i 4500
001 bg
100 1 _aGÓRAL, Lesław
245 1 0 _aNadzór bankowy /
_cLesław Góral.
260 _aWarszawa :
_bPolskie Wydaw. Ekonomiczne,
_c1998.
300 _a236, [4] s. ;
_c21 cm.
504 _aBibliogr. s. 233-[237].
650 9 _aNadzór bankowy
_xprawo
_zEuropa Zachodnia
_yod 1945 r.
650 9 _aNadzór bankowy
_xprawo
_zPolska
_yod 1989 r.
_ypodręcznik
650 9 _aNadzór bankowy
_xprawo wspólnotowe europejskie
655 _aPodręczniki
020 _a8320811163
040 _cBPK
041 0 _apl
080 _a347.734:336.71.078.3](438+4-15+4-67)(07)
920 _a83-208-1116-3
942 _cKS
008 s pl f |000 0 pol
999 _c33373
_d33373
856 _uhttp://koha.tu.koszalin.pl/cgi-bin/koha/opac-detail.pl?biblionumber=33373
_yKatalog online BPK